[Event "Kecskemet Blitzbank"]
[Site "Kecskemet"]
[Date "2000.06.24"]
[Round "9"]
[White "Pitl, Gregory"]
[Black "Eckhardt, Wladislaw"]
[Result "1-0"]
[WhiteElo "2190"]
[BlackElo "2180"]
[PlyCount "111"]
[EventDate "2000.06.??"]
[EventType "tourn (blitz)"]
[EventRounds "9"]
[EventCountry "HUN"]
[EventCategory "1"]
[SourceTitle "EXT 2004"]
[Source "ChessBase"]
[SourceDate "2003.11.25"]
[SourceVersion "1"]
[SourceVersionDate "2003.11.25"]
[SourceQuality "1"]

1. e4 c5 2. Nc3 Nc6 3. g3 g6 4. Bg2 Bg7 5. d3 d6 6. Be3 Rb8 7. Qd2 e6 8. Nge2 Nd4 9. 0-0 Ne7 10. Nc1 0-0 11. f4 b5 12. Nd1 b4 13. c3 bxc3 14. bxc3 Ndc6 15. e5 dxe5 16. Bxc5 Re8 17. fxe5 Bxe5 18. Qf2 f5 19. Bxa7 Nxa7 20. Qxa7 Nd5 21. Ne2 Re7 22. Qa3 Qb6+ 23. Kh1 Ra7 24. Qc1 Ba6 25. Qd2 Rd7 26. d4 Bg7 27. Re1 e5 28. dxe5 Nf6 29. Nd4 Ne4 30. Bxe4 fxe4 31. Qg5 h6 32. Qg4 Re7 33. Ne3 h5 34. Qh4 Rxe5 35. g4 Rc5 36. gxh5 Rxc3 37. Nd5 Qxd4 38. Ne7+ Kf8 39. Nxg6+ Kg8 40. Ne7+ Kf8 41. Ng6+ Kg8 42. h6 Bf6 43. h7+ Kf7 44. h8Q Bxh8 45. Qe7+ Kxg6 46. Rg1+ Kf5 47. Rad1 Bd3 48. Qf7+ Bf6 49. Rgf1+ Bxf1 50. Rxd4 Bg2+ 51. Kg1 Rb1+ 52. Kf2 Rb2+ 53. Ke1 Ke5 54. Rd5+ Kf4 55. Qxf6+ Ke3 56. Qxc3+ 1-0

[Event "Kecskemet Blitzbank"]
[Site "Kecskemet"]
[Date "2000.06.21"]
[Round "5"]
[White "Eckhardt, Wladislaw"]
[Black "Bromberger, Stefan"]
[Result "0-1"]
[WhiteElo "2180"]
[BlackElo "2319"]
[PlyCount "74"]
[EventDate "2000.06.??"]
[EventType "tourn (blitz)"]
[EventRounds "9"]
[EventCountry "HUN"]
[EventCategory "1"]
[SourceTitle "EXT 2004"]
[Source "ChessBase"]
[SourceDate "2003.11.25"]
[SourceVersion "1"]
[SourceVersionDate "2003.11.25"]
[SourceQuality "1"]

1. d4 Nf6 2. c4 g6 3. Nc3 d5 4. cxd5 Nxd5 5. e4 Nxc3 6. bxc3 Bg7 7. Bc4 c5 8. Ne2 Nc6 9. Be3 0-0 10. 0-0 Qc7 11. Rc1 Rd8 12. f4 e6 13. Qd2 Na5 14. Bd3 f5 15. Ng3 b6 16. Qf2 Bb7 17. Rfd1 cxd4 18. cxd4 Qd7 19. d5 fxe4 20. Bxe4 exd5 21. f5 Qe7 22. fxg6 dxe4 23. Nf5 Qf6 24. Nh6+ Kf8 25. Rf1 Qxf2+ 26. Rxf2+ Ke8 27. gxh7 Bd5 28. Rcf1 Bh8 29. Nf7 Bxf7 30. Rxf7 Nc6 31. Bh6 Ne5 32. Rc7 Ng6 33. Re1 Rd7 34. Rxe4+ Kd8 35. Rc6 Rd1+ 36. Kf2 Ne5 37. Bf4 Nxc6 0-1

[Event "Kecskemet Blitzbank"]
[Site "Kecskemet"]
[Date "2000.06.19"]
[Round "3"]
[White "Eckhardt, Wladislaw"]
[Black "Sarosi, Zoltan"]
[Result "0-1"]
[WhiteElo "2180"]
[BlackElo "2359"]
[PlyCount "178"]
[EventDate "2000.06.??"]
[EventType "tourn (blitz)"]
[EventRounds "9"]
[EventCountry "HUN"]
[EventCategory "1"]
[SourceTitle "EXT 2004"]
[Source "ChessBase"]
[SourceDate "2003.11.25"]
[SourceVersion "1"]
[SourceVersionDate "2003.11.25"]
[SourceQuality "1"]

1. d4 Nf6 2. c4 e6 3. Nc3 Bb4 4. e3 0-0 5. Nge2 d5 6. a3 Be7 7. Ng3 Nc6 8. b4 a6 9. Bb2 Re8 10. Be2 Bf8 11. 0-0 dxc4 12. Bxc4 Bd6 13. f4 Bf8 14. Kh1 b5 15. Bb3 Bb7 16. f5 Nd5 17. fxe6 fxe6 18. Qd3 Nxc3 19. Qxc3 Bd6 20. e4 Bxg3 21. Qxg3 Qd6 22. e5 Qd7 23. d5 Nd8 24. dxe6 Nxe6 25. Rad1 Qc6 26. Bd5 Qxd5 27. Rxd5 Bxd5 28. h3 Rf8 29. Rxf8+ Rxf8 30. Kh2 c6 31. Bc1 Rf1 32. Be3 Ra1 33. Bf2 Ra2 34. Qe3 Rb2 35. Qb6 h6 36. Qe3 Kf7 37. h4 h5 38. Kg1 Rb1+ 39. Be1 Rb3 40. Qa7+ Kg6 41. Qxa6 Rb1 42. Kf2 Rb2+ 43. Ke3 Rxg2 44. a4 bxa4 45. Qxa4 Ra2 46. Qd1 Ra3+ 47. Kd2 Be4 48. Qc1 Rd3+ 49. Ke2 Kf5 50. Bf2 Nf4+ 51. Kf1 Rf3 52. e6 Kxe6 53. Qc4+ Bd5 54. Qa6 Nd3 55. Qc8+ Kf7 56. Qd7+ Kg8 57. Ke2 Nxf2 58. b5 Rf7 59. bxc6 Bc4+ 60. Ke3 Ng4+ 61. Kd4 Nf6 62. Qd8+ Rf8 63. Qd6 Ba6 64. Qe6+ Kh8 65. Kc5 Bc8 66. Qc4 Bg4 67. Kd6 Re8 68. Qf7 Kh7 69. Kc5 Rc8 70. Kb6 Bf3 71. c7 Bg4 72. Kc6 Ne8 73. Kd5 Nxc7+ 74. Ke5 Ne8 75. Kf4 Nf6 76. Qb7 Rc5 77. Qb1+ Bf5 78. Qg1 Rd5 79. Qe1 Bg6 80. Qa1 Rd8 81. Qb2 Re8 82. Kg3 Re4 83. Qb5 Rg4+ 84. Kh3 Ng8 85. Qe5 Nh6 86. Qb8 Nf5 87. Qc7 Nxh4 88. Qd6 Be4 89. Qf8 Bg2+ 0-1

[Event "Kecskemet Blitzbank"]
[Site "Kecskemet"]
[Date "2000.06.17"]
[Round "1"]
[White "Eckhardt, Wladislaw"]
[Black "Siklosi, Zoltan"]
[Result "0-1"]
[WhiteElo "2180"]
[BlackElo "2298"]
[PlyCount "76"]
[EventDate "2000.06.??"]
[EventType "tourn (blitz)"]
[EventRounds "9"]
[EventCountry "HUN"]
[EventCategory "1"]
[SourceTitle "EXT 2004"]
[Source "ChessBase"]
[SourceDate "2003.11.25"]
[SourceVersion "1"]
[SourceVersionDate "2003.11.25"]
[SourceQuality "1"]

1. d4 Nf6 2. c4 e6 3. Nc3 Bb4 4. e3 0-0 5. Bd3 c5 6. Nf3 d5 7. 0-0 dxc4 8. Bxc4 Nbd7 9. a3 cxd4 10. exd4 Bxc3 11. bxc3 Qc7 12. Qb3 b6 13. Be2 Bb7 14. c4 Rac8 15. Bb2 Ng4 16. Rfe1 Bxf3 17. Bxf3 Qxh2+ 18. Kf1 Qh4 19. g3 Qg5 20. Kg2 Ndf6 21. a4 h5 22. a5 h4 23. axb6 axb6 24. Rac1 hxg3 25. fxg3 Qh6 26. Re2 Qh2+ 27. Kf1 Qxg3 28. Rg2 Qf4 29. Ke2 Nh6 30. Bb7 Nf5 31. Rf1 Nxd4+ 32. Bxd4 Qxd4 33. Bxc8 Rxc8 34. Qd3 Qh4 35. Qf3 Qxc4+ 36. Ke1 Qb4+ 37. Kf2 Qd4+ 38. Ke1 Rc1+ 0-1